Ordenanzas de la Real Maestranza de Caballería de la ciudad de Zaragoza. (Record no. 163070)

MARC details
000 -LEADER
campo de control de longitud fija 00690nam a22001695i 4500
001 - NÚMERO DE CONTROL
campo de control 163070
003 - IDENTIFICADOR DE NÚMERO DE CONTROL
campo de control ES-MaACL
005 - FECHA Y HORA DE LA ÚLTIMA TRANSACCIÓN
campo de control 20230906212649.0
008 - DATOS DE LONGITUD FIJA--INFORMACIÓN GENERAL
campo de control de longitud fija 971222s1825 sp a |||| | spa d
040 ## - FUENTE DE CATALOGACIÓN
Centro catalogador/agencia de origen AR
Lengua de catalogación spa
Centro/agencia transcriptor AR
110 2# - ENTRADA PRINCIPAL--NOMBRE DE ENTIDAD CORPORATIVA
Nombre de entidad corporativa o nombre de jurisdicción como elemento de entrada Real Maestranza de Caballería de Zaragoza.
9 (RLIN) 134791
245 10 - MENCIÓN DEL TÍTULO
Título Ordenanzas de la Real Maestranza de Caballería de la ciudad de Zaragoza.
260 ## - PUBLICACIÓN, DISTRIBUCIÓN, ETC.
Lugar de publicación, distribución, etc. Zaragoza :
Nombre del editor, distribuidor, etc. [s.n.],
Fecha de publicación, distribución, etc. 1825 (
Fabricante por Francisco Magallón)
300 ## - DESCRIPCIÓN FÍSICA
Extensión 108 p., [1] h. de lám. ;
Dimensiones 27 cm.
599 ## - NOTA A LAS ILUSTRACIONES
NOTA A LAS ILUSTRACIONES H. de lám.: "Narciso Lalana lo dib. en Zaragª, V. Capilla lo grabó en Val.ª", esc. de la Real Maestranza de Zaragoza y otros esc.
852 ## - LOCALIZACIÓN
Ubicación ES-MaACL
Número de control de estantería G-14545
Nota libre -- Enc. pasta
Holdings
Estatus retirado Estado de pérdida Estado de daño No para préstamo Colección Biblioteca de origen Biblioteca actual Ubicación en estantería Fecha de adquisición Fuente de adquisición Total de préstamos Signatura topográfica completa Código de barras Visto por última vez Precio de reemplazo Tipo de ítem Koha
        Libros del s. XIX Biblioteca del Ateneo de Madrid Biblioteca del Ateneo de Madrid Sala Pecera Planta 3 17/01/2008     G-14545 1170874 23/02/2023 23/02/2023 Libro impreso antiguo